Ley y derecho natural. Forma y contenido esencial
Gespeichert in:
| 1. Verfasser: | |
|---|---|
| Format: | Buch |
| Sprache: | Spanisch |
| Veröffentlicht: |
Santiago
Jurídica de Chile
1973
|
| Schlagworte: | |
| Tags: |
Tag hinzufügen
Keine Tags, Fügen Sie den ersten Tag hinzu!
|
MARC
| LEADER | 00000nam a2200000 a 4500 | ||
|---|---|---|---|
| 001 | UCS9429 | ||
| 003 | CL-VaPUC | ||
| 008 | 971113e19730800CL |||||||||||||||||spa|d | ||
| 082 | 0 | 4 | |a 340.112 |b MOH |2 21 |
| 100 | |a Mohor Abuauad, Salvador |e autor |9 394372 | ||
| 245 | 1 | 0 | |a Ley y derecho natural. Forma y contenido esencial |
| 300 | |a 194 p | ||
| 942 | |c BK | ||
| 945 | |d 19971113 00:00:00 |a aolguin | ||
| 260 | |a Santiago |b Jurídica de Chile |c 1973 | ||
| 650 | 0 | |a Derecho natural |9 255041 | |
| 650 | 0 | |a Teoría de la ley |9 354245 | |
| 650 | 7 | |a LEY |2 CL-VaPUC |9 394373 | |
| 650 | 7 | |a FORMALISMO |2 CL-VaPUC |9 337281 | |
| 650 | 7 | |a FUNCION DEL GOBIERNO |2 CL-VaPUC |9 394374 | |
| 650 | 7 | |a LEY MORAL |2 CL-VaPUC |9 394375 | |
| 650 | 7 | |a SER |2 CL-VaPUC |9 320176 | |
| 650 | 0 | |a Naturaleza humana |9 308593 | |
| 650 | 0 | |a Existencia de Dios |9 266954 | |
| 650 | 0 | |a Libertad |9 255686 | |
| 650 | 7 | |a HOMBRE |2 CL-VaPUC |9 262149 | |
| 651 | 7 | |a CHILE |2 CL-VaPUC |9 394376 | |
| 583 | |a last modification |c 19971113 00:00:00 |k Rodrigo Vera | ||
| 999 | |c 263230 |d 263228 | ||
| 952 | |0 0 |1 0 |4 0 |6 340_112000000000000_MOH_1973 |7 0 |8 DER_TF |9 292414 |a BIBDER |b BIBDER |d 2019-11-19 |i 1898167 |o 340.112 MOH 1973 |p 1898167 |r 2023-01-25 |w 2019-11-19 |x Ubicación 4to Piso |y BK |z Estos recursos deben solicitarse con anticipación |k DER | ||